000 00974nam a22002177a 4500
003 OSt
005 20260528112933.0
008 260528b2013 slv spa
040 _cBMC
082 _a621.398
100 1 _aHerrera Rodríguez, Kevin Gabriel
_950415
245 1 _aSistema integral de gestión de clientes y pagos realizado en Funerales Tecana
_b: Proyecto
_cKevin Gabriel Herrera Rodríguez
260 _aSanta Ana (El Salvador)
_bUniversidad Católica de El Salvador
_c2026
300 _a102 h.
_bil. col
_c28 cm
_e+ 1 disco compacto
500 _aPrecede al tít.: Universidad Católica de El Salvador, Facultad de Ingeniería y Arquitectura
501 _aperiodo de realización: de septiembre de 2025 a febrero de 2026
502 _aPara optar al título de Ingeniero en Sistemas Informáticos
650 2 4 _98508
_aDiseño de sistemas
710 2 _91166
_aUniversidad Católica de El Salvador
_bFacultad de Ingeniería y Arquitectura
942 _2ddc
_cTG
999 _c36677
_d36677